| 000 -LEADER |
| fixed length control field |
00856cam a2200253 a 4500 |
| 005 - DATE AND TIME OF LATEST TRANSACTION |
| control field |
20131104080820.0 |
| 008 - FIXED-LENGTH DATA ELEMENTS--GENERAL INFORMATION |
| fixed length control field |
081218s2009 dcua b i001 0 eng |
| 020 ## - INTERNATIONAL STANDARD BOOK NUMBER |
| International Standard Book Number |
9780821378120 |
| 041 0# - LANGUAGE CODE |
| Language code of text/sound track or separate title |
eng |
| 080 ## - UNIVERSAL DECIMAL CLASSIFICATION NUMBER |
| Universal Decimal Classification number |
330.322 |
| Common auxiliary subdivision |
(676.2) |
| 100 1# - Rafti |
| Rafti |
Iarossi, Giuseppe. |
| 245 13 - TITLE STATEMENT |
| Title |
An assessment of the investment climate in Kenya / |
| Statement of responsibility, etc |
Giuseppe Iarossi. |
| 260 ## - |
| -- |
Washington, DC : |
| -- |
World Bank, |
| -- |
2009. |
| 300 ## - |
| -- |
121 f. : |
| -- |
me ill. ; |
| -- |
23 cm. |
| 490 1# - |
| -- |
Directions in development. Private sector development |
| 504 ## - BIBLIOGRAPHY, ETC. NOTE |
| Bibliography, etc |
References : f. 113 - 115 |
| 504 ## - BIBLIOGRAPHY, ETC. NOTE |
| Bibliography, etc |
Index : f. 117 - 121 |
| 650 #0 - |
| -- |
Investimet |
| -- |
Kenya |
| 650 #0 - |
| -- |
ndërmarrjet biznesore |
| -- |
Kenya |
| 650 #0 - |
| -- |
Corporate culture |
| -- |
Kenya. |
| 830 #0 - |
| -- |
Directions in development (Washington, D.C.) |
| 830 #0 - |
| -- |
Directions in development (Washington, D.C.). |
| 942 ## - ADDED ENTRY ELEMENTS (KOHA) |
| Source of classification or shelving scheme |
|
| Item type |
Books |